|
|
|
|
| LEADER |
00000nam a2200000 a 4500 |
| 001 |
vtls001394611 |
| 003 |
SK-MaSNL |
| 005 |
20260302034714.0 |
| 008 |
251113s1995 CH ab r y 0 fre |
| 020 |
|
|
|a 2940027129
|c [80,00]
|
| 035 |
|
|
|a SNK000348947
|
| 040 |
|
|
|a SNK
|b slo
|c SNK
|e AACR2
|
| 044 |
|
|
|a CH
|
| 080 |
|
|
|a 75:73:061.4(494)(083.9)=40
|2 1 stred. slo
|
| 110 |
2 |
|
|a Musée des beaux-arts (Lausanne, Švajčiarsko)
|4 aut
|9 246365
|
| 245 |
1 |
|
|a Identités et affinités
|b [Musée cantonal des Beaux-Arts de Lausanne 8 septembre - 5 novembre 1995 ...]
|
| 260 |
|
|
|a Lausanne
|b Musée des Beaux-Arts
|c [1995]
|
| 300 |
|
|
|a 43 s.
|c 21 cm
|
| 490 |
1 |
|
|a Les Cahiers du Musée de Lausanne
|v 3
|
| 500 |
|
|
|a Obalový názov
|
| 610 |
2 |
7 |
|a Musée cantonal des beaux-arts Lausanne
|9 247221
|
| 650 |
0 |
7 |
|a výstavy výtvarné
|x maliarstvo
|x katalógy
|2 SNK
|9 295826
|
| 650 |
0 |
7 |
|a katalógy
|x výstavy výtvarné
|x maliarstvo
|2 SNK
|9 295827
|
| 650 |
0 |
7 |
|a umenie výtvarné
|x výstavy
|x katalógy
|2 SNK
|9 297792
|
| 651 |
|
7 |
|a Švajčiarsko
|2 SNKPHgeo
|9 20143
|
| 830 |
|
0 |
|a Les Cahiers du Musée de Lausanne
|9 686651
|
| 919 |
|
|
|a 2-940027-12-9
|
| 999 |
|
|
|c 1067447
|d 1069377
|
| 952 |
|
|
|t P60, <04>, [BOOK], {604}
|a SNK
|b SNK
|y VYP
|7 0
|p 17A0244788
|o snkOIC 6718
|i snkV 1351/2000
|0 0
|1 0
|4 0
|d 2000-08-25
|l 0
|r 2005-01-02 00:00:00
|w 2026-02-24
|